Zur Funktion des Wissenschaftsrates als wissenschafts- und bildungspolitisches Steuerungsinstrument /

Main Author: Schlingmann, Irmtraud
Corporate Author: Technische Universität Berlin
Language: German
Published: Berlin : I. Schlingmann, 1975
Physical Description: 249 s.
Book
Saved in:
LEADER 00761nam a22002172a 4500
001 001170472
003 CZ BrMZK
005 20120328110753.0
007 ta
008 110923s1975 gw er|||||||||||ger d
040 |a BOA001  |b cze 
100 1 |a Schlingmann, Irmtraud  |4 dis 
245 1 0 |a Zur Funktion des Wissenschaftsrates als wissenschafts- und bildungspolitisches Steuerungsinstrument /  |c Irmtraud Schlingmann 
260 |a Berlin :  |b I. Schlingmann,  |c 1975 
300 |a 249 s. 
502 |a Disertace -- Technische Universität Berlin, 1975 
710 2 |a Technische Universität Berlin  |7 kn20060407005 
910 |a BOA001  |b 2-0788.387 
990 |a BK 
991 |b 201109 
996 7 |b 2619476321  |c 2-0788.387  |l MZK  |r Sklad / do 1 hodiny  |n 0  |w 001203967  |u 000010  |a 1  |e BOA001  |j MZK50  |s A